2020 NFL free agency - Statistics

General Stats
  • This quiz has been taken 224 times
  • The average score is 21 of 39
Answer Stats
Position Answer Former team > New Team % Correct
QB Tom Brady Patriots > Buccaneers
100%
QB Teddy Bridgewater Saints > Panthers
78%
WR DeAndre Hopkins Texans > Cardinals
77%
QB Phillip Rivers Chargers > Colts
73%
WR Robby Anderson Jets > Panthers
73%
CB Byron Jones Cowboys > Dolphins
72%
WR Stefon Diggs Vikings > Bills
72%
TE Austin Hooper Falcons > Browns
69%
RB Melvin Gordon Chargers > Broncos
69%
RB Todd Gurley Rams > Falcons
69%
RB David Johnson Cardinals > Texans
68%
QB Marcus Mariota Titans > Raiders
68%
CB Chris Harris Broncos > Chargers
67%
QB Nick Foles Jaguars > Bears
67%
TE Eric Ebron Colts > Steelers
65%
CB Darius Slay Lions > Eagles
64%
DT DeForest Buckner 49ers > Colts
62%
WR Emmanuel Sanders 49ers > Saints
62%
TE Jimmy Graham Packers > Bears
62%
TE Jason Witten Cowboys > Raiders
59%
LB Kyle van Noy Patriots > Dolphins
57%
CB Xavier Rhodes Vikings > Colts
57%
FS Malcolm Jenkins Eagles > Saints
53%
RB Jordan Howard Eagles > Dolphins
50%
OT Jack Conklin Titans > Browns
47%
WR Randall Cobb Cowboys > Texans
47%
LB Blake Martinez Packers > Giants
42%
OT Bryan Bulaga Packers > Chargers
40%
WR Breshad Perriman Buccaneers > Jets
39%
DE Dante Fowler Rams > Falcons
39%
DE Robert Quinn Cowboys > Bears
38%
LB Corey Littleton Rams > Raiders
37%
LB Jamie Collins Patriots > Lions
36%
LB Joe Schobert Browns > Jaguars
35%
FS Ha Ha Clinton-Dix Bears > Cowboys
33%
FS Kendall Fuller Chiefs > Redskins
26%
DT D.J. Reader Texans > Bengals
25%
DE Leonard Floyd Bears > Rams
23%
DE Shaq Lawson Bills > Dolphins
18%
No matching quizzes found
Score Distribution
Percent of People with Each Score
Percentile by Number Answered
Your Score History
You have not taken this quiz